000 01060cam a22003137a 4500
003 CHAP
005 20220329134520.0
008 971013s1986 mx a r 00010 spa d
010 _a21465
011 _a22437
035 _a26532
040 _cCHAP
090 _aTesis
100 0 0 _aClaudio Campos, Rubén.
_923683
245 1 3 _aEl barrenador mayor de los granos (Prostephanus truncatus Horn) (Coleoptera : Bostrichidae)
260 _aMarín, N. L. :
_bEl autor,
_c1986
300 _a26 h.
_b: ilus.
502 _aTesis ( Ing. Agr. Fitotecnista) -- Univ. Autónoma de Nuevo León. Fac. de Agronomia
590 _aALEPH
_b10
_c20130110
_lUCH01
_h1245
590 _aBATCH-UPD
_b10
_c20130110
_lUCH01
_h1842
590 _aBATCH-UPD
_b10
_c20130410
_lUCH01
_h1212
590 _aBATCH-UPD
_b10
_c20130914
_lUCH01
_h0912
590 _aCONVERSION
_b10
_c20130109
_lUCH01
_h1313
650 1 4 _aCereales
_xAlmacenamiento
_xPlagas.
_921378
650 1 4 _aProstephanus truncatus.
_992436
901 _aBK
942 _cTESIS
949 _bBC
_cTES
_d-61151
_eTS1
_h20028
_i26532
_si
999 _c21465
_d21465